100% Arabica /
In a housing project located on the outskirts of Paris renamed "100% Arabica" by its inhabitants, African immigrants live side by side. The residents are united by their struggle for recognition in a society where immigrants are often regarded as second class citizens. In a world of exiles...
| Other Authors: | |
|---|---|
| Format: | Video |
| Language: | French Arabic |
| Language Notes: | In French and Arabic with English subtitles. |
| Published: |
New York, NY :
ArtMattan Productions,
1997.
|
| Subjects: | |
| Online Access: | Connect to this streaming video (Alexander Street Press) |
MARC
| Tag | First Indicator | Second Indicator | Subfields |
|---|---|---|---|
| LEADER | 00000cgm a2200000Mi 4500 | ||
| 001 | in00005577513 | ||
| 006 | m o c | ||
| 007 | cr |n||||||||a | ||
| 007 | vz |za|z| | ||
| 008 | 160722s1997 nyu083 e o vlfre d | ||
| 005 | 20241201232415.8 | ||
| 035 | |a (OCoLC)ocn964539273 | ||
| 040 | |a ALSTP |b eng |e rda |e pn |c ALSTP |d OCLCO |d OCLCF |d OCLCQ |d OCLCO |d CAUOI |d WYU |d UPM |d OCLCO |d OCLCQ |d OCLCL | ||
| 035 | |a (OCoLC)964539273 | ||
| 041 | 0 | |a fre |a ara |j eng | |
| 043 | |a e-fr--- | ||
| 082 | 0 | 4 | |a 791.43/72 |q OCoLC |2 22/eng/20230216 |
| 049 | |a TXAM | ||
| 245 | 0 | 0 | |a 100% Arabica / |c une coproduction franco-belge-suisse, Fennec Productions, Les films de la toison d'or, Incoprom S.A. ; un film de Mahmoud Zemmouri. |
| 246 | 3 | |a Cent pour cent Arabica | |
| 246 | 3 | |a One hundred percent Arabica | |
| 264 | 1 | |a New York, NY : |b ArtMattan Productions, |c 1997. | |
| 300 | |a 1 online resource (83 min.) | ||
| 306 | |a 012323 | ||
| 336 | |a two-dimensional moving image |b tdi |2 rdacontent | ||
| 337 | |a video |b v |2 rdamedia | ||
| 337 | |a computer |b c |2 rdamedia | ||
| 338 | |a other |b vz |2 rdacarrier | ||
| 338 | |a online resource |b cr |2 rdacarrier | ||
| 347 | |a data file |2 rda | ||
| 500 | |a Title from resource description page (viewed July 22, 2016). | ||
| 511 | 1 | |a Khaled, Cheb Mami, Mouss, Najim Laouriga, Farid Fedjer, Youssef Diawara, Patrice Thibaud, Mohamed Camara. | |
| 520 | |a In a housing project located on the outskirts of Paris renamed "100% Arabica" by its inhabitants, African immigrants live side by side. The residents are united by their struggle for recognition in a society where immigrants are often regarded as second class citizens. In a world of exiles, poverty is the common denominator. Against this backdrop, director Zemmouri has brought together two of the biggest and most charismatic stars of the cross-cultural musical form known as Rai, Cheb Mami and Khaled, who play the leaders of a band called Rap Oriental. As the band of musicians starts to gain in popularity, the Imam of the local mosque (Mouss) tries to destroy them by stirring up racial and cultural tensions. However, no one can stop the infectious popularity of the songs in this story of music triumphing over bigotry and violence. | ||
| 546 | |a In French and Arabic with English subtitles. | ||
| 650 | 0 | |a North Africans |z France |v Drama. | |
| 650 | 0 | |a Rai (Music) |v Drama. | |
| 650 | 0 | |a Muslims |z France |v Drama. | |
| 650 | 7 | |a Muslims. |2 fast |0 (OCoLC)fst01031029 | |
| 650 | 7 | |a North Africans. |2 fast |0 (OCoLC)fst01039163 | |
| 650 | 7 | |a Rai (Music) |2 fast |0 (OCoLC)fst01088536 | |
| 651 | 7 | |a France. |2 fast |0 (OCoLC)fst01204289 |1 https://id.oclc.org/worldcat/entity/E39PBJd8gD4vdtqQMdQHvYqbBP | |
| 655 | 7 | |a Drama. |2 fast |0 (OCoLC)fst01423879 | |
| 655 | 7 | |a Feature films. |2 fast |0 (OCoLC)fst01710384 | |
| 655 | 7 | |a Feature films. |2 lcgft | |
| 700 | 1 | |a Zemmouri, Mahmoud, |e director. | |
| 710 | 2 | |a Fennec Productions, |e production company. | |
| 710 | 2 | |a Films de la toison d'or (Firm), |e production company. | |
| 710 | 2 | |a INCOPROM SA (Firm), |e production company. | |
| 758 | |i has work: |a 100% Arabica (MovingImage) |1 https://id.oclc.org/worldcat/entity/E39PCGGMQ3fcXHfJVWRBgdM96q |4 https://id.oclc.org/worldcat/ontology/hasWork | ||
| 776 | 0 | 8 | |i Original version: |w (OCoLC)70081971 |
| 856 | 4 | 0 | |u http://proxy.library.tamu.edu/login?url=https://www.aspresolver.com/aspresolver.asp?MARC;3236453 |z Connect to this streaming video (Alexander Street Press) |t 0 |
| 955 | |a Alexander Street Press subscription streaming video | ||
| 994 | |a 92 |b TXA | ||
| 999 | f | f | |s a564ce92-1f11-4d88-b62d-a13f9725f2b8 |i 2d36ef4b-2fe8-4552-9b85-988950b88a62 |t 0 |
| 952 | f | f | |a Texas A&M University |b College Station |c Electronic Resources |d Available Online |t 0 |h Library of Congress classification |
| 998 | f | f | |t 0 |l Available Online |